| 000 | 01098cam a22003257a 4500 | ||
|---|---|---|---|
| 003 | CHAP | ||
| 005 | 20220617062539.0 | ||
| 008 | 971013s1945 r 00010 d | ||
| 010 | _a57805 | ||
| 011 | _a58777 | ||
| 035 | _a62933 | ||
| 040 | _cCHAP | ||
| 082 |
_a664.1 _bS65 1945 |
||
| 100 | 0 | 0 |
_aSpencer, Guilford L. _9109191 |
| 245 | 1 | 0 |
_aCane sugar handbook _b: a manual for cane sugar manufacturers and their chemists _c/by Guilford L. Spencer and George Peterkin Meade |
| 250 | _a8 ed. | ||
| 260 |
_aNew York : _bWiley, _c(c.1945) |
||
| 300 |
_a834 p. _b: ilus. |
||
| 590 |
_aBATCH-UPD _b10 _c20130110 _lUCH01 _h0045 |
||
| 590 |
_aBATCH-UPD _b10 _c20130110 _lUCH01 _h1917 |
||
| 590 |
_aBATCH-UPD _b10 _c20130409 _lUCH01 _h2031 |
||
| 590 |
_aBATCH-UPD _b10 _c20130914 _lUCH01 _h0510 |
||
| 590 |
_aCONVERSION _b10 _c20130109 _lUCH01 _h1331 |
||
| 650 | 1 | 4 |
_aAzúcar _xFabricación y refinación. _99152 |
| 650 | 1 | 3 |
_aIndustria azucarera _957780 |
| 700 | 0 |
_aMeade, George Peterkin. _973783 |
|
| 901 | _aBK | ||
| 942 | _cLIBRO | ||
| 949 |
_a664.1 S65 1945 _bBC _cBPP _d33724000116109 _eBPP _h25288 _i62933 _si |
||
| 999 |
_c57805 _d57805 |
||